书目信息 |
| 题名: |
有机合成化学原理及新技术研究
|
|
| 作者: | 唐慧安 , 罗志荣 , 陈荷莲 编著 | |
| 分册: | ||
| 出版信息: | 北京 中国水利水电出版社 2015.8 |
|
| 页数: | 255页 | |
| 开本: | 26cm | |
| 丛书名: | ||
| 单 册: | ||
| 中图分类: | O621.3 | |
| 科图分类: | ||
| 主题词: | 有机合成--合成化学--研究 | |
| 电子资源: | ||
| ISBN: | 978-7-5170-3167-3 | |
| 000 | 00960nam0 2200253 450 | |
| 001 | 0400009446 | |
| 005 | 20171121075655.0 | |
| 010 | @a978-7-5170-3167-3@dCNY58.00 | |
| 100 | @a20151126d2015 em y0chiy50 ea | |
| 101 | 0 | @achi |
| 102 | @aCN@b110000 | |
| 105 | @ay z 000yy | |
| 106 | @ar | |
| 200 | 1 | @a有机合成化学原理及新技术研究@Ayou ji he cheng hua xue yuan li ji xin ji shu yan jiu@f唐慧安,罗志荣,陈荷莲编著 |
| 210 | @a北京@c中国水利水电出版社@d2015.8 | |
| 215 | @a255页@d26cm | |
| 330 | @a本书全面系统 地介绍了有机合成化学的基本知识和进展。主要内容包括:绪论,基因取代反应,烷基化反应,酰基化反应,烃基化反应,缩合反应,碳环合成反应,分子重排反应,不对称合成反应,官能团的引入、转换及保护等。 | |
| 606 | 0 | @a有机合成@x合成化学@x研究 |
| 690 | @aO621.3@v5 | |
| 701 | 0 | @a唐慧安@Atang hui an@4编著 |
| 701 | 0 | @a罗志荣@Aluo zhi rong@4编著 |
| 701 | 0 | @a陈荷莲@Achen he lian@4编著 |
| 801 | 0 | @aCN@b上海新华@c20171121 |
| 905 | @b1028917-21@dO621.3@e101@f5 | |
| 有机合成化学原理及新技术研究/唐慧安,罗志荣,陈荷莲编著.-北京:中国水利水电出版社,2015.8 |
| 255页;26cm |
| ISBN 978-7-5170-3167-3:CNY58.00 |
| 本书全面系统 地介绍了有机合成化学的基本知识和进展。主要内容包括:绪论,基因取代反应,烷基化反应,酰基化反应,烃基化反应,缩合反应,碳环合成反应,分子重排反应,不对称合成反应,官能团的引入、转换及保护等。 |
| ● |
| 相关链接 |
|
|
|
|
正题名:有机合成化学原理及新技术研究
索取号:O621.3/101
 
预约/预借
| 序号 | 登录号 | 条形码 | 馆藏地/架位号 | 状态 | 备注 |
| 1 | 1028917 | 210289178 | 第二样本阅览室/ [索取号:O621.3/101] | 在馆 | |
| 2 | 1028918 | 210289187 | 密集书库-化学系/ [索取号:O621.3/101] | 在馆 | |
| 3 | 1028919 | 210289196 | 第三借阅区/ [索取号:O621.3/101] | 在馆 | |
| 4 | 1028920 | 210289203 | 第三借阅区/ [索取号:O621.3/101] | 在馆 | |
| 5 | 1028921 | 210289212 | 第三借阅区/ [索取号:O621.3/101] | 在馆 |